000 00583nam a2200193 i 4500
001 bgj
100 1 _aDATE, Olivia.
245 1 0 _aGo! :
_bfor Poland : activity book /
_cOlivia Date with Stephen Thompson.
260 _aHarlow, Essex :
_bLongman,
_c1998.
300 _a62 pp :
_bill. ;
_c30 cm.
650 9 _aEnglish language
_xTextbooks for foreigners
_xTextbooks for primary schools
700 1 _aTHOMPSON, Stephen.
_eco-author
020 _a058233599X
040 _cBPK
041 0 _aeng
920 _a0-582-33599-X
942 _cKS
008 s uk f |000 0 eng
999 _c48497
_d48497
856 _uhttp://koha.tu.koszalin.pl/cgi-bin/koha/opac-detail.pl?biblionumber=48497
_yKatalog online BPK